Smart materials actuators : (Record no. 531645)
[ view plain ]
| 000 -LEADER | |
|---|---|
| fixed length control field | 00875cam a2200253 i 4500 |
| 001 - CONTROL NUMBER | |
| control field | 18534894 |
| 005 - DATE AND TIME OF LATEST TRANSACTION | |
| control field | 20191022181841.0 |
| 008 - FIXED-LENGTH DATA ELEMENTS--GENERAL INFORMATION | |
| fixed length control field | 150320s2015 nyua b 001 0 eng |
| 010 ## - LIBRARY OF CONGRESS CONTROL NUMBER | |
| LC control number | 2015010472 |
| 020 ## - INTERNATIONAL STANDARD BOOK NUMBER | |
| International Standard Book Number | 9781634825443 (hardcover) |
| 040 ## - CATALOGING SOURCE | |
| Transcribing agency | DLC |
| 082 00 - DEWEY DECIMAL CLASSIFICATION NUMBER | |
| Classification number | 621.317 |
| 100 ## - MAIN ENTRY--PERSONAL NAME | |
| Personal name | Choi, Seung-Bok |
| 9 (RLIN) | 24548 |
| 245 00 - TITLE STATEMENT | |
| Title | Smart materials actuators : |
| Remainder of title | recent advances in characterization and applications / |
| Statement of responsibility, etc. | Seung-Bok Choi and Jaewhan Kim, editors. |
| 264 #1 - PRODUCTION, PUBLICATION, DISTRIBUTION, MANUFACTURE, AND COPYRIGHT NOTICE | |
| Place of production, publication, distribution, manufacture | New York, USA : |
| Name of producer, publisher, distributor, manufacturer | Nova Publishers, |
| Date of production, publication, distribution, manufacture, or copyright notice | [2015] |
| 300 ## - PHYSICAL DESCRIPTION | |
| Extent | viii, 309 pages : |
| Other physical details | illustrations ; |
| Dimensions | 26 cm. |
| 490 0# - SERIES STATEMENT | |
| Series statement | Electrical engineering developments |
| 504 ## - BIBLIOGRAPHY, ETC. NOTE | |
| Bibliography, etc. note | Includes bibliographical references and index. |
| 650 #0 - SUBJECT ADDED ENTRY--TOPICAL TERM | |
| Topical term or geographic name entry element | Actuators |
| General subdivision | Materials. |
| 9 (RLIN) | 24549 |
| 650 #0 - SUBJECT ADDED ENTRY--TOPICAL TERM | |
| Topical term or geographic name entry element | Smart materials. |
| 9 (RLIN) | 18322 |
| 700 1# - ADDED ENTRY--PERSONAL NAME | |
| Personal name | Choi, Seung-Bok. |
| 9 (RLIN) | 24548 |
| 700 1# - ADDED ENTRY--PERSONAL NAME | |
| Personal name | Kim, Jaewhan. |
| 9 (RLIN) | 24550 |
| 942 ## - ADDED ENTRY ELEMENTS (KOHA) | |
| Source of classification or shelving scheme | |
| Koha item type | Book |
| Withdrawn status | Lost status | Source of classification or shelving scheme | Damaged status | Not for loan | Permanent Location | Current Location | Date acquired | Total Checkouts | Full call number | Barcode | Date last seen | Date last checked out | Price effective from | Koha item type |
|---|---|---|---|---|---|---|---|---|---|---|---|---|---|---|
| School of Civil and Environmental Engineering (SCEE) | School of Civil and Environmental Engineering (SCEE) | 10/22/2019 | 1 | 621.317 | NIT-12805 | 12/10/2021 | 10/22/2019 | 10/22/2019 | Book |
